An extraordinary collection of water color paintings, comprising over three hundred examples of the french, spanish.... selected ... W.M. H. Fanning (Record no. 168732)

MARC details
000 -LEADER
campo de control de longitud fija 00982nam a22002295i 4500
001 - NÚMERO DE CONTROL
campo de control 168732
003 - IDENTIFICADOR DE NÚMERO DE CONTROL
campo de control ES-MaACL
005 - FECHA Y HORA DE LA ÚLTIMA TRANSACCIÓN
campo de control 20230906213855.0
008 - DATOS DE LONGITUD FIJA--INFORMACIÓN GENERAL
campo de control de longitud fija 080528s1882 xxu |||| | eng d
080 ## - NÚMERO DE LA CLASIFICACIÓN DECIMAL UNIVERSAL
Número de la Clasificación Decimal Universal 75.021.322(064.3)
080 ## - NÚMERO DE LA CLASIFICACIÓN DECIMAL UNIVERSAL
Número de la Clasificación Decimal Universal 75.035(064.3)
245 03 - MENCIÓN DEL TÍTULO
Título An extraordinary collection of water color paintings, comprising over three hundred examples of the french, spanish.... selected ... W.M. H. Fanning
Resto del título : the entire collection to be sold,... on wednesday, friday and saturday, nov. 29 th, dec.1st & 2d...
260 ## - PUBLICACIÓN, DISTRIBUCIÓN, ETC.
Lugar de publicación, distribución, etc. [S.l. :
Nombre del editor, distribuidor, etc. s.n.,
Fecha de publicación, distribución, etc. 1882] (
Lugar de fabricación/manufactura New York :
Fabricante John Polhemus)
300 ## - DESCRIPCIÓN FÍSICA
Extensión 61 p. ;
Dimensiones 21 cm.
500 ## - NOTA GENERAL
Nota general Precede al tít:: Now on free exhibition, at Leonard's Art Galleries, 48 Broomfield St., Boston.
650 14 - PUNTO DE ACCESO ADICIONAL DE MATERIA--TÉRMINO DE MATERIA
Término de materia o nombre geográfico como elemento de entrada Acuarela-
Subdivisión cronológica S.XIX-
Subdivisión de forma Exposiciones.
9 (RLIN) 137817
655 #7 - TERMINO DE INDIZACIÓN--GENERO/FORMA
Fuente del término tgfbne
9 (RLIN) 193628
Datos o término principal de género/forma Catálogos de exposiciones
700 1# - ENTRADA AGREGADA--NOMBRE PERSONAL
Nombre de persona Fanning, WM. H.
9 (RLIN) 137818
852 ## - LOCALIZACIÓN
Ubicación ES-MaACL
Número de control de estantería T-894-F-9
942 ## - ELEMENTOS DE ENTRADA SECUNDARIOS (KOHA)
Fuente del sistema de clasificación o colocación Clasificación decimal universal
Holdings
Estatus retirado Estado de pérdida Estado de daño No para préstamo Colección Biblioteca de origen Biblioteca actual Ubicación en estantería Fecha de adquisición Fuente de adquisición Total de préstamos Signatura topográfica completa Código de barras Visto por última vez Precio de reemplazo Tipo de ítem Koha
        Colección de folletos Biblioteca del Ateneo de Madrid Biblioteca del Ateneo de Madrid Depósito folletos 28/05/2008     T-894-F-9 1177071 23/02/2023 23/02/2023 Folleto